000 00758nam a2200205 i 4500
001 171341
003 ES-MaACL
005 20250808062803.0
008 090512s1970 sp |||| | spa d
017 _aM 1744-1970
100 0 _aJavierre, José María.
_966210
245 1 0 _aSoledad de los enfermos
_b: Soledad Torres Acosta /
_cpor José María Javierre ; prólogo de Pedro Laín Entralgo.
260 _aMadrid :
_b[La Editorial Católica],
_c1970.
300 _aXII, 245 p., [17] p. de lám. :
_bil. ;
_c20 cm.
490 1 _aBiblioteca de autores cristianos ;
_v296
700 1 _aLaín Entralgo, Pedro,
_d1908-2001
_969681
830 0 0 _aBiblioteca de autores cristianos
_v296
_9178679
852 _aES-MaACL
_jJ-290
_9R.46092
999 _c171341
_d171341